|
|
|
|
| LEADER |
00000nam0a2200000 4500 |
| 001 |
99191 |
| 005 |
20231101214232.0 |
| 010 |
|
|
|a 5160022538
|
| 035 |
|
|
|a (RuTPU)RU\TPU\book\106415
|
| 090 |
|
|
|a 99191
|
| 100 |
|
|
|a 20060629d2005 m y0rusy50 ca
|
| 101 |
0 |
|
|a rus
|
| 102 |
|
|
|a RU
|
| 105 |
|
|
|a a j 001zy
|
| 200 |
1 |
|
|a Технология машиностроения. Сборник задач и упражнений
|e учебное пособие для вузов
|f В. И. Аверченков [и др.]
|
| 205 |
|
|
|a 2-е изд., перераб. и доп.
|
| 210 |
|
|
|a Москва
|c Ифра-М
|d 2005
|
| 215 |
|
|
|a 288 с.
|c ил.
|
| 225 |
1 |
|
|a Высшее образование
|
| 320 |
|
|
|a Библиогр.: с. 284-286.
|
| 330 |
|
|
|a Содержит все основные этапы технологического проектирования в машиностроительном производстве, связанные с механической обработкой и сборкой изделий. Приведенные методические указания и примеры решения всего комплекса технологических задач позволяют использовать учебное пособие при выполнении практических работ, курсовых и дипломных проектов. Предназначено для студентов направления 151000 «Конструкторско-технологическое обеспечение машиностроительных производств», специальности 120100 «Технология машиностроения», и направления 150900 «Технология, оборудование и автоматизация машиностроительных производств».
|
| 451 |
|
1 |
|0 (RuTPU)RU\TPU\book\113288
|y 5-16-002253-8
|t Технология машиностроения. Сборник задач и упражнений
|o учебное пособие для вузов
|f В. И. Аверченков [и др.]
|e 2-е изд., перераб. и доп.
|c Москва
|n Ифра-М
|d 2006
|p 288 с.
|s Высшее образование
|
| 606 |
|
|
|a Технология машиностроения
|2 stltpush
|3 (RuTPU)RU\TPU\subj\60151
|9 77640
|
| 610 |
1 |
|
|a машиностроение
|
| 610 |
1 |
|
|a технология
|
| 610 |
1 |
|
|a сборка
|
| 610 |
1 |
|
|a технологические процессы
|
| 610 |
1 |
|
|a проектирование
|
| 610 |
1 |
|
|a детали машин
|
| 610 |
1 |
|
|a изготовление
|
| 610 |
1 |
|
|a заготовки
|
| 610 |
1 |
|
|a приспособления
|
| 610 |
1 |
|
|a погрешности
|
| 610 |
1 |
|
|a расчеты
|
| 610 |
1 |
|
|a качество
|
| 610 |
1 |
|
|a технологическое обеспечение
|
| 610 |
1 |
|
|a учебные пособия
|
| 610 |
1 |
|
|a задачи
|
| 610 |
1 |
|
|a упражнения
|
| 610 |
1 |
|
|a решения
|
| 675 |
|
|
|a 621.002(076)
|v 3
|
| 701 |
|
1 |
|a Аверченков
|b В. И.
|
| 701 |
|
1 |
|a Горленко
|b О. А.
|
| 701 |
|
1 |
|a Ильицкий
|b В. Б.
|
| 701 |
|
1 |
|a Польский
|b Е. А.
|
| 701 |
|
1 |
|a Тотай
|b А. В.
|
| 701 |
|
1 |
|a Чистов
|b В. Ф.
|
| 801 |
|
1 |
|a RU
|b 63413507
|c 20060629
|g PSBO
|
| 801 |
|
2 |
|a RU
|b 63413507
|c 20220517
|g PSBO
|
| 900 |
|
|
|a Технология машиностроения
|
| 900 |
|
|
|a Технология машиностроительного производства
|
| 900 |
|
|
|a Конструкторско-технологическое обеспечение производства
|
| 942 |
|
|
|c BK
|
| 952 |
|
|
|b 150900
|b 151000
|b 151001
|
| 959 |
|
|
|a 59/20060626
|d 1
|e 200,00
|f ЧЗТЛ:1
|